Countries the Rolling Stones have gigged in - Statistics

General Stats
  • This quiz has been taken 47 times
  • The average score is 39 of 47
Answer Stats
Number of gigs Country % Correct
639 United States
100%
52 Australia
98%
41 Japan
98%
626 United Kingdom
98%
5 China
95%
106 Germany
95%
17 Italy
95%
24 Spain
95%
15 Argentina
93%
67 Canada
93%
46 France
93%
10 Mexico
93%
13 New Zealand
93%
6 Portugal
93%
2 Russia
93%
12 Brazil
91%
18 Denmark
91%
23 Sweden
91%
8 Ireland
89%
8 Norway
89%
14 Switzerland
89%
6 Finland
86%
2 Greece
86%
41 Netherlands
86%
2 South Africa
86%
15 Austria
84%
2 Chile
84%
2 India
84%
11 Belgium
82%
1 Turkey
82%
3 Croatia
80%
4 Poland
80%
1 Peru
77%
1 Colombia
75%
1 Cuba
75%
1 Uruguay
75%
1 Israel
73%
1 Romania
73%
1 Serbia
73%
6 Czech Republic
68%
2 Hungary
68%
1 Luxembourg
68%
4 Singapore
66%
1 Estonia
52%
1 United Arab Emirates
45%
1 Cyprus
39%
1 Montenegro
39%
No matching quizzes found
Score Distribution
Percent of People with Each Score
Percentile by Number Answered
Your Score History
You have not taken this quiz